000 00182nam a22001097a 4500
040 _cSY
082 _a593
100 _aNA
245 _aProtozoa
260 _aNA
_bNA
_cNA
942 _cEK
999 _c9805
_d9805